| 000 | 00762nam a2200217 a 4500 | ||
|---|---|---|---|
| 001 | 5131 | ||
| 003 | CDMR | ||
| 005 | 20131107103318.0 | ||
| 008 | 130130s1984||||||||||||||||||||||||||||d | ||
| 020 | _a2726104053 | ||
| 040 |
_aCDMR _bcat _cCDMR |
||
| 245 | 4 |
_aLes nouvelles technologies dans l'information scientifique et technique _b: 1-5 octobre 1984, Sophia Antipolis (Valbonne) |
|
| 260 |
_bInstitut National de Recherche en Informatique et en Automatique _aSophia-Antipolis |
||
| 260 |
_c[1984] _bLa Documentation Française _aParis |
||
| 300 | _a271 p. | ||
| 650 | 0 | 4 |
_93364 _aTecnologia de la informació |
| 650 | 0 | 4 |
_93668 _aComunicació i ciència |
| 650 | 0 | 4 |
_92716 _aComunicació i tecnologia |
| 700 | 1 |
_94274 _aBornes, Christian _edir. |
|
| 942 |
_cMON _2udc |
||
| 999 |
_c5131 _d5131 |
||